000 00488nam a2200181Ia 4500
005 20250508150316.0
008 008 250505s9999 xx 000 0 eng d
037 _aReference
040 _aFEDL
_beng
_cFEDL
041 _aeng
_2eng
084 _a152, FRE
_qFEDL
100 _aFreeman G L
_987345
245 0 _aPhysiological psychology
260 _aNew York, USA
_bD Van Nostrand Company
_c1948
300 _a529p.
942 _cREF
_h152, FRE
999 _c1322916
_d1322916